Внутренний аудит: современный подход

Podrobná bibliografie
Hlavní autor: Сонин А. М. Алексей Михайлович
Shrnutí:Рассмотрены современная концепция внутреннего аудита и его роль в компании; определены задачи внутреннего аудита, приведены виды аудиторских заданий. Дан сравнительный анализ роли и функций различных органов контроля компании. Уделено внимание организации службы внутреннего аудита в компании и оценке эффективности ее деятельности. Изложены особенности и пути развития внутреннего аудита в России. Для внутренних аудиторов, работников органов контроля, генеральных и финансовых директоров, специалистов в области корпоративного управления, а также для членов советов директоров и комитетов по аудиту. Может быть полезным студентам и аспирантам.
Jazyk:ruština
Vydáno: Москва, Финансы и статистика, 2007
Témata:
Médium: Kniha
KOHA link:https://koha.lib.tpu.ru/cgi-bin/koha/opac-detail.pl?biblionumber=120154

MARC

LEADER 00000nam0a2200000 4500
001 120154
005 20231031124902.0
010 |a 9785279025145 
035 |a (RuTPU)RU\TPU\book\130097 
090 |a 120154 
100 |a 20070817d2007 km y0rusy50 ca 
101 0 |a rus 
102 |a RU 
105 |a a z 001zy 
200 1 |a Внутренний аудит: современный подход  |f А. М. Сонин 
210 |a Москва  |c Финансы и статистика  |d 2007 
215 |a 64 с.  |c ил. 
320 |a Литература: с. 62. 
330 |a Рассмотрены современная концепция внутреннего аудита и его роль в компании; определены задачи внутреннего аудита, приведены виды аудиторских заданий. Дан сравнительный анализ роли и функций различных органов контроля компании. Уделено внимание организации службы внутреннего аудита в компании и оценке эффективности ее деятельности. Изложены особенности и пути развития внутреннего аудита в России. Для внутренних аудиторов, работников органов контроля, генеральных и финансовых директоров, специалистов в области корпоративного управления, а также для членов советов директоров и комитетов по аудиту. Может быть полезным студентам и аспирантам. 
610 1 |a бухгалтерский учет 
610 1 |a бухгалтерская отчетность 
610 1 |a аудит 
610 1 |a внутренний аудит 
610 1 |a контроль 
610 1 |a объективность 
610 1 |a аудиторы 
610 1 |a Россия 
675 |a 657.6  |v 3 
700 1 |a Сонин  |b А. М.  |g Алексей Михайлович 
801 1 |a RU  |b 63413507  |c 20070817  |g PSBO 
801 2 |a RU  |b 63413507  |c 20151216  |g PSBO 
942 |c BK 
959 |a 48/20070816  |d 1  |e 44,80  |f ЧЗГЛ:1